[Event "8th Amsterdam Summer Open-A 2018"]
[Site "Amsterdam"]
[Date "2018.07.15"]
[Round "9"]
[White "Hildenbrand, Peter"]
[Black "Riemersma, Li"]
[Result "0-1"]
[WhiteElo "2226"]
[BlackElo "2458"]
[Annotator "TA"]
[PlyCount "126"]
[EventDate "2018.07.07"]
[EventType "swiss"]
[EventCountry "NED"]
[SourceTitle "playchess.com"]
[Source "ChessBase"]
[SourceQuality "1"]

{[%evp 15,126,0,0,-46,0,0,12,8,19,-11,-14,-25,-37,-24,-25,-37,-31,-77,-25,-25,-18,-32,-18,-30,-27,-27,-21,-30,-18,-77,-7,-13,0,-74,-74,-64,-38,-34,-39,-29,0,0,-16,-18,0,-16,0,0,74,64,68,-33,76,0,0,-25,8,-27,-28,-44,-17,-108,-116,-112,-111,-120,-25,-31,-35,-42,0,-23,0,-6,0,0,0,-83,-90,-135,-128,-120,-100,-166,-158,-225,-235,-322,-321,-302,-277,-403,-399,-403,-387,-395,-396,-414,-268,-486,0,-509,-343,-424,-417,-398,-364,-1358,-897,-814,-854,-706,-544]} 1. d4 Nf6 2. Bf4 b6 3. e3 Bb7 4. Nf3 g6 5. h3 Bg7 6. Nbd2 O-O 7. c3 d6 8. Bc4 Nbd7 {LiveBook: 13 Games. A48: 1 d4 Nf6 2 Nf3 g6: Torre, London and Colle Systems} 9. Qc2 (9. O-O Qe8 10. Bh2 e5 11. a4 a6 12. Qe2 Qe7 13. Rfd1 Kh8 14. dxe5 dxe5 15. e4 Ne8 16. Bd5 c6 17. Bb3 Nd6 {0-1 (38) Petrov,J (2390)-Jankovic,A (2582) Mali Losinj 2017}) 9... a6 (9... e5 $5 10. dxe5 Nxe5 $11) 10. O-O b5 $146 {The position is equal.} ({Predecessor:} 10... d5 11. Bd3 Nh5 12. Rae1 c5 13. Qd1 Re8 14. Bh2 {½-½ (30) Myers,S-Brodzky,L Canberra 1994}) 11. Be2 c5 {[%cal Bc7c5,Bc5c4][%mdl 32]} 12. Rfe1 Re8 13. Bh2 e5 14. dxe5 dxe5 {White must now prevent ...e4.} 15. e4 c4 16. a4 Qb6 ({Black should try} 16... Nc5 $17 {[%cal Rf6e4]} 17. axb5 axb5 18. Rxa8 Bxa8 19. Bxe5 Nfxe4) 17. axb5 $11 axb5 18. Rxa8 Bxa8 19. b3 cxb3 20. Qxb3 Bc6 21. Ng5 Rf8 22. Bf1 (22. Qc2 $11) 22... h6 (22... Nc5 $17 23. Qb4 Nfd7) 23. Ngf3 Re8 24. c4 (24. Qc2 $11) 24... b4 $17 25. Qb2 Qc5 26. Nb3 Qe7 27. Nfd2 Nh7 28. f3 (28. c5 $5) 28... Ng5 29. Kh1 Ne6 30. Bg1 Rb8 31. Ra1 Qd6 (31... Bf8 $11) 32. Ra5 $1 $16 Bf8 33. Be3 (33. c5 $1 $14 Qc7 34. Bc4) 33... h5 (33... Ra8 $15 {stays ahead.}) 34. Qa1 (34. c5 $1 $16 {[%cal Rc5d6]} Qe7 35. Bc4) 34... Qc7 $11 35. Ra7 Qc8 36. Be2 Bb7 37. Ra5 Qc7 38. g4 (38. Ra4 $11) 38... hxg4 $17 39. hxg4 Be7 40. Ra7 {[#]} Bg5 ({Black should play} 40... Kg7 $1 $17 41. Kg2 Rh8) 41. Bxg5 $11 Nxg5 42. Qa5 Qxa5 (42... Qc6 {looks sharper.} 43. Qb5 Qc8 44. Qxb4 Kg7 45. Kg2 Ne6) 43. Rxa5 (43. Nxa5 {feels hotter.} Nc5 44. Ndb3 Nge6 45. Kg1 Ba8 46. Kf2) 43... Ne6 $36 {[%mdl 2048] Black is pushing.} 44. Kg1 Kf8 45. Kf2 Ke7 46. Rb5 (46. c5 $11 {remains equal.}) 46... Bc6 $17 47. Rxb8 Nxb8 48. Ke3 Nd7 49. Bd1 (49. Nc1 $17 {was worth a try.}) 49... Ba4 $19 50. Bc2 (50. c5 $17) 50... Bxb3 51. Nxb3 {[%mdl 4096] Endgame KBN-KNN} Ndc5 52. Nc1 Nd4 53. Bd1 (53. Bd3 {was necessary.}) 53... g5 54. Na2 {[#]} Nc6 $1 55. Kd2 Kd6 56. Nc1 Na5 57. Na2 $2 (57. Kc2 {only move.}) 57... Nc6 $2 ({Better is} 57... Ncb3+ $19 58. Kc2 Nd4+ 59. Kb1 Kc5) 58. Be2 $2 {[%mdl 8192]} (58. Nc1 $11 {and White has nothing to worry.}) 58... Kc7 59. Nc1 Kb6 60. Bd1 Na5 61. Be2 $2 (61. Kc2) 61... Nab3+ {Black is clearly winning.} 62. Kc2 Nxc1 63. Kxc1 Ne6 {Precision: White = 37%, Black = 58%.} 0-1

[Event "8th Amsterdam Summer Open-A 2018"]
[Site "Amsterdam"]
[Date "2018.07.15"]
[Round "9"]
[White "De Jong, Tom"]
[Black "Frans, Richard"]
[Result "1-0"]
[WhiteElo "2201"]
[BlackElo "2001"]
[Annotator "NA"]
[PlyCount "75"]
[EventDate "2018.07.07"]
[EventType "swiss"]
[EventCountry "NED"]
[SourceTitle "playchess.com"]
[Source "ChessBase"]
[SourceQuality "1"]
[TimeControl "40/5400+30:1800+30"]

1. e4 {[%emt 0:00:00]} e6 {[%emt 0:00:00]} 2. d3 {[%emt 0:00:00]} d5 {[%emt 0:00:02]} 3. Nd2 {[%emt 0:00:00]} c5 {[%emt 0:00:45]} 4. Ngf3 {[%emt 0:00:10]} Nc6 {[%emt 0:00:42]} 5. g3 {[%emt 0:00:35]} Bd6 {[%emt 0:00:24]} 6. Bg2 {[%emt 0:00:10]} Nge7 {[%emt 0:00:47]} 7. O-O {[%emt 0:00:09]} O-O {[%emt 0:00:55]} 8. Re1 {[%emt 0:05:50]} Qc7 {[%emt 0:01:31]} 9. c3 {[%emt 0:01:42]} Bd7 {[%emt 0:38:36]} 10. a3 {[%emt 0:06:36]} d4 {[%emt 0:10:43]} 11. cxd4 {[%emt 0:01:11]} cxd4 {[%emt 0:00:04]} 12. Nc4 {[%emt 0:01:43]} e5 {[%emt 0:01:13]} 13. Nh4 {[%emt 0:04:56]} b5 {[%emt 0:06:09]} 14. Nxd6 {[%emt 0:00:34]} Qxd6 {[%emt 0:00:02]} 15. f4 {[%emt 0:00:41]} f6 {[%emt 0:01:54]} 16. Bd2 {[%emt 0:06:05]} a5 {[%emt 0:03:28]} 17. Rc1 {[%emt 0:02:38]} Be6 {[%emt 0:05:09]} 18. Qc2 {[%emt 0:17:40]} Rac8 {[%emt 0:05:32]} 19. Qc5 {[%emt 0:01:07]} Qb8 {[%emt 0:11:48]} 20. fxe5 {[%emt 0:14:02]} fxe5 {[%emt 0:01:05]} 21. Nf5 {[%emt 0:01:45]} Nxf5 {[%emt 0:01:48]} 22. exf5 {[%emt 0:00:12]} Nb4 {[%emt 0:01:37]} 23. Qe7 {[%emt 0:17:57]} Rfe8 {[%emt 0:00:42]} 24. Qg5 {[%emt 0:03:00]} Rxc1 {[%emt 0:03:08]} 25. Rxc1 {[%emt 0:01:04]} Nxd3 {[%emt 0:00:13]} 26. fxe6 {[%emt 0:03:48]} Nxc1 {[%emt 0:00:07]} 27. Bxc1 {[%emt 0:00:12]} Qd6 {[%emt 0:00:21]} 28. Bh3 {[%emt 0:02:11]} d3 {[%emt 0:02:04]} 29. Bd2 {[%emt 0:02:12]} Qd4+ {[%emt 0:01:07]} 30. Qe3 {[%emt 0:01:41]} Qd5 {[%emt 0:02:01]} 31. Bxa5 {[%emt 0:01:26]} e4 {[%emt 0:00:26]} 32. Bc3 {[%emt 0:01:27]} Qh5 {[%emt 0:00:37]} 33. Qa7 {[%emt 0:00:54]} Qg6 {[%emt 0:00:46]} 34. Bf5 {[%emt 0:01:26]} d2 {[%emt 0:00:10]} 35. Bxg6 {[%emt 0:00:43]} d1=Q+ {[%emt 0:00:06]} 36. Kg2 {[%emt 0:00:14]} Qf3+ {[%emt 0:01:04]} 37. Kh3 {[%emt 0:00:26]} Qf1+ {[%emt 0:00:46]} 38. Kh4 {[%emt 0:00:15]} 1-0

[Event "8th Amsterdam Summer Open-A 2018"]
[Site "Amsterdam"]
[Date "2018.07.15"]
[Round "9"]
[White "Cornelisse, John"]
[Black "Mesman, Edwyn"]
[Result "1/2-1/2"]
[WhiteElo "2132"]
[BlackElo "2100"]
[Annotator "NA"]
[PlyCount "26"]
[EventDate "2018.07.07"]
[EventType "swiss"]
[EventCountry "NED"]
[SourceTitle "playchess.com"]
[Source "ChessBase"]
[SourceQuality "1"]
[TimeControl "40/5400+30:1800+30"]

1. d4 {[%emt 0:00:00]} Nf6 {[%emt 0:00:00]} 2. c4 {[%emt 0:00:00]} e6 {[%emt 0:00:00]} 3. Nc3 {[%emt 0:00:03]} Bb4 {[%emt 0:00:00]} 4. e3 {[%emt 0:00:07]} O-O {[%emt 0:00:00]} 5. Bd3 {[%emt 0:00:07]} c5 {[%emt 0:00:05]} 6. Nf3 {[%emt 0:00:55]} d5 {[%emt 0:00:10]} 7. O-O {[%emt 0:00:16]} dxc4 {[%emt 0:00:09]} 8. Bxc4 {[%emt 0:00:08]} cxd4 {[%emt 0:00:08]} 9. exd4 {[%emt 0:00:07]} b6 {[%emt 0:00:18]} 10. Bg5 {[%emt 0:00:55]} Bb7 {[%emt 0:01:06]} 11. Re1 {[%emt 0:01:34]} Nbd7 {[%emt 0:00:13]} 12. Rc1 {[%emt 0:04:03]} Rc8 {[%emt 0:00:26]} 13. Qb3 {[%emt 0:13:38]} Be7 {[%emt 0:00:20]} 1/2-1/2

[Event "8th Amsterdam Summer Open-A 2018"]
[Site "Amsterdam"]
[Date "2018.07.15"]
[Round "9"]
[White "Vroombout, Enrico"]
[Black "Kossen, Johannes"]
[Result "1-0"]
[WhiteElo "2132"]
[BlackElo "2095"]
[Annotator "NA"]
[PlyCount "39"]
[EventDate "2018.07.07"]
[EventType "swiss"]
[EventCountry "NED"]
[SourceTitle "playchess.com"]
[Source "ChessBase"]
[SourceQuality "1"]
[TimeControl "40/5400+30:1800+30"]

1. d4 {[%emt 0:00:00]} d5 {[%emt 0:00:00]} 2. c4 {[%emt 0:00:00]} c6 {[%emt 0:00:00]} 3. Nf3 {[%emt 0:00:00]} e6 {[%emt 0:00:16]} 4. Nc3 {[%emt 0:00:00]} dxc4 {[%emt 0:00:12]} 5. Ne5 {[%emt 0:00:00]} b5 {[%emt 0:04:28]} 6. g3 {[%emt 0:00:00]} Bb7 {[%emt 0:00:51]} 7. Bg2 {[%emt 0:00:00]} Qc8 {[%emt 0:02:19]} 8. O-O {[%emt 0:07:04]} Nf6 {[%emt 0:04:07]} 9. b3 {[%emt 0:07:59]} b4 {[%emt 0:16:06]} 10. Na4 {[%emt 0:00:40]} c3 {[%emt 0:00:19]} 11. a3 {[%emt 0:00:07]} Nbd7 {[%emt 0:02:37]} 12. Nc4 {[%emt 0:26:48]} c5 {[%emt 0:18:22]} 13. Bxb7 {[%emt 0:01:31]} Qxb7 {[%emt 0:00:09]} 14. dxc5 {[%emt 0:01:49]} a5 {[%emt 0:02:44]} 15. Bf4 {[%emt 0:19:39]} Ne4 {[%emt 0:10:00]} 16. axb4 {[%emt 0:12:31]} axb4 {[%emt 0:00:22]} 17. Qd4 {[%emt 0:07:50]} f6 {[%emt 0:18:06]} 18. Bd6 {[%emt 0:06:53]} e5 {[%emt 0:04:30]} 19. Qe3 {[%emt 0:00:09]} Bxd6 {[%emt 0:00:22]} 20. Qxe4 {[%emt 0:00:12]} 1-0

[Event "8th Amsterdam Summer Open-A 2018"]
[Site "Amsterdam"]
[Date "2018.07.15"]
[Round "9"]
[White "Mijnheer, Peter"]
[Black "Prior, Stephen C V"]
[Result "0-1"]
[WhiteElo "2106"]
[BlackElo "2025"]
[Annotator "NA"]
[PlyCount "94"]
[EventDate "2018.07.07"]
[EventType "swiss"]
[EventCountry "NED"]
[SourceTitle "playchess.com"]
[Source "ChessBase"]
[SourceQuality "1"]
[TimeControl "40/5400+30:1800+30"]

1. e4 {[%emt 0:00:00]} e6 {[%emt 0:00:00]} 2. d4 {[%emt 0:00:00]} d5 {[%emt 0:00:00]} 3. Nd2 {[%emt 0:00:23]} dxe4 {[%emt 0:00:00]} 4. Nxe4 {[%emt 0:00:08]} Bd7 {[%emt 0:00:14]} 5. Nf3 {[%emt 0:00:22]} Bc6 {[%emt 0:00:17]} 6. Bd3 {[%emt 0:00:11]} Nd7 {[%emt 0:00:52]} 7. O-O {[%emt 0:00:16]} Ngf6 {[%emt 0:00:18]} 8. Ned2 {[%emt 0:00:50]} Be7 {[%emt 0:00:34]} 9. Re1 {[%emt 0:00:29]} O-O {[%emt 0:01:51]} 10. Ne5 {[%emt 0:08:13]} Nxe5 {[%emt 0:01:26]} 11. dxe5 {[%emt 0:00:17]} Nd7 {[%emt 0:05:14]} 12. Qh5 {[%emt 0:02:04]} g6 {[%emt 0:01:59]} 13. Qg4 {[%emt 0:05:28]} Re8 {[%emt 0:05:32]} 14. Nb3 {[%emt 0:02:50]} Nc5 {[%emt 0:04:33]} 15. Nxc5 {[%emt 0:02:48]} Bxc5 {[%emt 0:00:07]} 16. Be3 {[%emt 0:11:26]} Bxe3 {[%emt 0:07:28]} 17. Rxe3 {[%emt 0:00:59]} Qe7 {[%emt 0:01:34]} 18. Qf4 {[%emt 0:02:48]} Rad8 {[%emt 0:03:17]} 19. Rae1 {[%emt 0:01:14]} Rd7 {[%emt 0:10:56]} 20. Rh3 {[%emt 0:24:52]} Qf8 {[%emt 0:07:07]} 21. Qg5 {[%emt 0:11:38]} Rd4 {[%emt 0:08:55]} 22. f4 {[%emt 0:04:03]} Red8 {[%emt 0:05:19]} 23. Rh6 {[%emt 0:05:51]} Rxd3 {[%emt 0:02:02]} 24. cxd3 {[%emt 0:00:02]} Rxd3 {[%emt 0:00:42]} 25. f5 {[%emt 0:06:55]} Qc5+ {[%emt 0:03:14]} 26. Kh1 {[%emt 0:00:06]} Qf2 {[%emt 0:00:27]} 27. Rg1 {[%emt 0:00:11]} Qxf5 {[%emt 0:01:31]} 28. Qxf5 {[%emt 0:01:17]} exf5 {[%emt 0:00:12]} 29. Rh4 {[%emt 0:00:33]} Re3 {[%emt 0:00:42]} 30. Rd4 {[%emt 0:00:37]} Rxe5 {[%emt 0:00:22]} 31. Rd2 {[%emt 0:00:06]} Re3 {[%emt 0:01:54]} 32. Rc1 {[%emt 0:00:14]} f4 {[%emt 0:01:02]} 33. Kg1 {[%emt 0:00:06]} Kg7 {[%emt 0:03:03]} 34. Kf2 {[%emt 0:00:05]} Re6 {[%emt 0:01:08]} 35. Rc4 {[%emt 0:01:11]} g5 {[%emt 0:00:22]} 36. b4 {[%emt 0:00:28]} a6 {[%emt 0:00:19]} 37. Rc5 {[%emt 0:01:05]} h6 {[%emt 0:01:39]} 38. a4 {[%emt 0:00:28]} Bxa4 {[%emt 0:00:44]} 39. Rxc7 {[%emt 0:00:05]} Bc6 {[%emt 0:00:31]} 40. h4 {[%emt 0:01:54]} g4 {[%emt 0:01:37]} 41. g3 {[%emt 0:31:13]} fxg3+ {[%emt 0:30:46]} 42. Kxg3 {[%emt 0:00:04]} h5 {[%emt 0:00:32]} 43. Kf4 {[%emt 0:01:30]} Kg6 {[%emt 0:02:02]} 44. Rd8 {[%emt 0:00:13]} Re4+ {[%emt 0:00:54]} 45. Kg3 {[%emt 0:00:04]} Rxb4 {[%emt 0:00:43]} 46. Rg8+ {[%emt 0:00:14]} Kf6 {[%emt 0:00:19]} 47. Rh8 {[%emt 0:00:18]} Rb3+ {[%emt 0:02:09]} 0-1

[Event "8th Amsterdam Summer Open-A 2018"]
[Site "Amsterdam"]
[Date "2018.07.15"]
[Round "9"]
[White "Brouwer, Rein"]
[Black "Theulings, Paul-Peter"]
[Result "1/2-1/2"]
[WhiteElo "2062"]
[BlackElo "2088"]
[Annotator "NA"]
[PlyCount "31"]
[EventDate "2018.07.07"]
[EventType "swiss"]
[EventCountry "NED"]
[SourceTitle "playchess.com"]
[Source "ChessBase"]
[SourceQuality "1"]
[TimeControl "40/5400+30:1800+30"]

1. d4 {[%emt 0:00:00]} Nf6 {[%emt 0:00:00]} 2. c4 {[%emt 0:00:00]} e6 {[%emt 0:00:00]} 3. g3 {[%emt 0:00:00]} d5 {[%emt 0:00:00]} 4. Nf3 {[%emt 0:00:10]} Be7 {[%emt 0:00:00]} 5. Bg2 {[%emt 0:00:07]} O-O {[%emt 0:00:08]} 6. O-O {[%emt 0:00:05]} b6 {[%emt 0:00:04]} 7. Nc3 {[%emt 0:01:25]} Bb7 {[%emt 0:00:07]} 8. cxd5 {[%emt 0:02:36]} exd5 {[%emt 0:00:08]} 9. Bf4 {[%emt 0:01:35]} Na6 {[%emt 0:00:08]} 10. Rc1 {[%emt 0:02:34]} c5 {[%emt 0:00:15]} 11. dxc5 {[%emt 0:01:24]} Nxc5 {[%emt 0:00:09]} 12. Nb5 {[%emt 0:01:49]} Ne6 {[%emt 0:05:29]} 13. Be5 {[%emt 0:02:01]} Qd7 {[%emt 0:02:54]} 14. Nc7 {[%emt 0:09:23]} Rac8 {[%emt 0:01:19]} 15. Bh3 {[%emt 0:04:22]} Bd6 {[%emt 0:02:13]} 16. Bxd6 {[%emt 0:05:48]} 1/2-1/2

[Event "8th Amsterdam Summer Open-A 2018"]
[Site "Amsterdam"]
[Date "2018.07.15"]
[Round "9"]
[White "Hoekstra, Peter"]
[Black "Floor, Dirk"]
[Result "0-1"]
[WhiteElo "2031"]
[BlackElo "2196"]
[Annotator "NA"]
[PlyCount "44"]
[EventDate "2018.07.07"]
[EventType "swiss"]
[EventCountry "NED"]
[SourceTitle "playchess.com"]
[Source "ChessBase"]
[SourceQuality "1"]
[TimeControl "40/5400+30:1800+30"]

1. e4 {[%emt 0:00:00]} d5 {[%emt 0:00:00]} 2. exd5 {[%emt 0:00:00]} Qxd5 {[%emt 0:00:00]} 3. Nc3 {[%emt 0:01:46]} Qa5 {[%emt 0:00:12]} 4. Nf3 {[%emt 0:01:01]} Nf6 {[%emt 0:00:16]} 5. b4 {[%emt 0:10:15]} Qxb4 {[%emt 0:00:42]} 6. Rb1 {[%emt 0:00:04]} Qd6 {[%emt 0:01:08]} 7. Bc4 {[%emt 0:02:55]} c6 {[%emt 0:05:35]} 8. O-O {[%emt 0:01:55]} e6 {[%emt 0:00:39]} 9. d4 {[%emt 0:04:28]} Be7 {[%emt 0:00:55]} 10. Ne5 {[%emt 0:06:58]} O-O {[%emt 0:04:30]} 11. Bf4 {[%emt 0:01:04]} Qd8 {[%emt 0:01:33]} 12. Qf3 {[%emt 0:09:44]} Nbd7 {[%emt 0:07:46]} 13. Rfd1 {[%emt 0:27:43]} Nb6 {[%emt 0:00:47]} 14. Bd3 {[%emt 0:01:05]} Nbd5 {[%emt 0:04:50]} 15. Nxd5 Nxd5 16. Qe4 {[%emt 0:06:23]} f5 {[%emt 0:06:42]} 17. Qf3 {[%emt 0:00:38]} Nc3 {[%emt 0:07:06]} 18. Nxc6 {[%emt 0:00:36]} bxc6 {[%emt 0:02:05]} 19. Qxc6 {[%emt 0:00:09]} Nxd1 {[%emt 0:04:50]} 20. Qxa8 {[%emt 0:00:17]} Qxd4 {[%emt 0:00:55]} 21. Qf3 {[%emt 0:01:40]} Nc3 {[%emt 0:04:13]} 22. Rb3 {[%emt 0:00:34]} Nd5 {[%emt 0:01:17]} 0-1